[Event "Madrid ch Veteranos 2122"]
[Site "Madrid ESP"]
[Date "2022.03.31"]
[Round "4.7"]
[White "Rojas Pozo, Jose Luis"]
[Black "Villares Galiano, Luis"]
[Result "1-0"]
[WhiteElo "1856"]
[BlackElo "1936"]
[PlyCount "43"]
[EventDate "2022.03.28"]
[EventType "swiss"]
[EventRounds "9"]
[EventCountry "ESP"]
[SourceTitle "Ajedrez en Madrid"]
[Source "lmi"]
[SourceDate "2022.03.28"]
[SourceVersion "1"]
[SourceVersionDate "2022.04.18"]
[SourceQuality "1"]

1. d4 d5 2. c4 e6 3. Nc3 c5 4. cxd5 exd5 5. Nf3 Nc6 6. g3 Nf6 7. Bg2 cxd4 8.
Nxd4 Bc5 9. Nxc6 bxc6 10. O-O O-O 11. Na4 Bd6 12. Be3 Re8 13. Rc1 Rxe3 14. fxe3
Qe7 15. Rxf6 Qxf6 16. Rxc6 Bd7 17. Rc1 Qe5 18. Nc3 Qxe3+ 19. Kh1 Re8 20. Nxd5
Qh6 21. Nf4 Bxf4 22. Qxd7 1-0

[Event "Madrid ch Veteranos 2122"]
[Site "Madrid ESP"]
[Date "2022.03.31"]
[Round "4.8"]
[White "Lopez de Turiso, Jose Angel"]
[Black "Vukotic Jovsic, Dragan"]
[Result "1-0"]
[WhiteElo "1935"]
[BlackElo "1834"]
[PlyCount "119"]
[EventDate "2022.03.28"]
[EventType "swiss"]
[EventRounds "9"]
[EventCountry "ESP"]
[SourceTitle "Ajedrez en Madrid"]
[Source "lmi"]
[SourceDate "2022.03.28"]
[SourceVersion "1"]
[SourceVersionDate "2022.04.18"]
[SourceQuality "1"]

1. d4 d5 2. Bg5 Nf6 3. e3 e6 4. Nd2 c5 5. c3 Be7 6. Bd3 Nbd7 7. f4 h6 8. Bh4
Nh7 9. Bxe7 Qxe7 10. Qh5 Nhf6 11. Qe2 g5 12. Ngf3 Rg8 13. Ne5 gxf4 14. exf4
Nxe5 15. fxe5 Ng4 16. O-O-O c4 17. Bc2 Qg5 18. Rde1 h5 19. Kb1 Nh6 20. g3 Bd7
21. Rhf1 O-O-O 22. Rf4 Nf5 23. Bxf5 exf5 24. Nf1 Be6 25. Ne3 Rh8 26. Ng2 Rh6
27. Nh4 f6 28. Qf2 fxe5 29. Rxe5 Rf6 30. Nxf5 Bxf5+ 31. Rexf5 Rxf5 32. Rxf5 Qg4
33. Qf3 Qg6 34. Kc1 Re8 35. Kd2 Qb6 36. Kc2 Qg6 37. Kd1 Qb6 38. Rf8 Qd8 39.
Qf5+ Kc7 40. Rxe8 Qxe8 41. Qe5+ Qxe5 42. dxe5 Kd7 43. Ke2 Ke6 44. Ke3 Kxe5 45.
h3 b5 46. g4 hxg4 47. hxg4 a5 48. g5 b4 49. g6 d4+ 50. cxd4+ Kf6 51. d5 a4 52.
a3 c3 53. Kd3 cxb2 54. Kc2 Kxg6 55. axb4 Kf6 56. Kxb2 Ke5 57. Ka3 Kxd5 58. Kxa4
Kc6 59. Ka5 Kc7 60. Ka6 1-0

[Event "Madrid ch Veteranos 2122"]
[Site "Madrid ESP"]
[Date "2022.03.31"]
[Round "4.9"]
[White "Vazquez Gonzalez, Francisco"]
[Black "Cabanas Bravo, Juan Andres"]
[Result "0-1"]
[WhiteElo "1851"]
[BlackElo "1903"]
[PlyCount "54"]
[EventDate "2022.03.28"]
[EventType "swiss"]
[EventRounds "9"]
[EventCountry "ESP"]
[SourceTitle "Ajedrez en Madrid"]
[Source "lmi"]
[SourceDate "2022.03.28"]
[SourceVersion "1"]
[SourceVersionDate "2022.04.18"]
[SourceQuality "1"]

1. e4 e5 2. Nf3 Nc6 3. Bc4 Bc5 4. c3 Nf6 5. d4 exd4 6. cxd4 Bb4+ 7. Kf1 Nxe4 8.
d5 Ne7 9. Qd4 Nf6 10. Bg5 Ng6 11. Nc3 Bxc3 12. Qxc3 O-O 13. h4 h6 14. h5 Nh8
15. Bh4 Re8 16. g4 b5 17. Bxf6 gxf6 18. Bxb5 Re4 19. Nh2 d6 20. f3 Re5 21. Re1
Bb7 22. Bc6 Bxc6 23. Qxc6 Rb8 24. b3 Rb4 25. Rc1 Rd4 26. Qxc7 Qxc7 27. Rxc7
Rd1+ 0-1

[Event "Madrid ch Veteranos 2122"]
[Site "Madrid ESP"]
[Date "2022.03.31"]
[Round "4.10"]
[White "Marcos Herrero, Francisco"]
[Black "Barahona Torrijos, Angel"]
[Result "1-0"]
[WhiteElo "1897"]
[BlackElo "1822"]
[PlyCount "47"]
[EventDate "2022.03.28"]
[EventType "swiss"]
[EventRounds "9"]
[EventCountry "ESP"]
[SourceTitle "Ajedrez en Madrid"]
[Source "lmi"]
[SourceDate "2022.03.28"]
[SourceVersion "1"]
[SourceVersionDate "2022.04.18"]
[SourceQuality "1"]

1. c4 e6 2. Nf3 Nf6 3. g3 d5 4. d4 c5 5. cxd5 cxd4 6. dxe6 Bxe6 7. Qxd4 Nc6 8.
Qxd8+ Rxd8 9. Bg2 Nb4 10. Na3 Bxa2 11. O-O Bc5 12. Bg5 Rd6 13. Rfc1 b6 14. Nb5
Rd7 15. Ne5 Re7 16. Nc6 Rxe2 17. Nxb4 Bxf2+ 18. Kh1 Be6 19. Nc7+ Kd7 20. Rxa7
Rc8 21. Nxe6+ Kxe6 22. Bh3+ Ke5 23. Bxc8 Ne4 24. Nd3+ 1-0

[Event "Madrid ch Veteranos 2122"]
[Site "Madrid ESP"]
[Date "2022.03.31"]
[Round "4.11"]
[White "Marin Aso, Jose Luis"]
[Black "Garcia Martin, Esteban"]
[Result "1-0"]
[WhiteElo "1834"]
[BlackElo "1895"]
[PlyCount "78"]
[EventDate "2022.03.28"]
[EventType "swiss"]
[EventRounds "9"]
[EventCountry "ESP"]
[SourceTitle "Ajedrez en Madrid"]
[Source "lmi"]
[SourceDate "2022.03.28"]
[SourceVersion "1"]
[SourceVersionDate "2022.04.18"]
[SourceQuality "1"]

1. c4 e5 2. Nc3 Nf6 3. g3 d5 4. cxd5 Nxd5 5. Bg2 Nb6 6. e3 Nc6 7. Nge2 Be7 8.
O-O Bg4 9. f3 Be6 10. f4 Bc4 11. fxe5 Nxe5 12. d4 Nc6 13. b3 Bxe2 14. Qxe2 O-O
15. Bb2 Qd7 16. Ne4 Rad8 17. Nc5 Bxc5 18. dxc5 Nd5 19. e4 Nde7 20. Rad1 Qe6 21.
Qb5 b6 22. cxb6 cxb6 23. e5 Rfe8 24. Rfe1 Nb8 25. Rd6 Qf5 26. Red1 Rc8 27. Bb7
Qg5 28. Bc1 Qxc1 29. Qxe8+ Rxe8 30. Rxc1 Nf5 31. Rd2 h5 32. Rc8 Rxc8 33. Bxc8
Ne7 34. Rd8+ Kh7 35. Bf5+ Nxf5 36. Rxb8 Nd4 37. Rb7 Nc6 38. Rxf7 Nxe5 39. Rxa7
h4 1-0

[Event "Madrid ch Veteranos 2122"]
[Site "Madrid ESP"]
[Date "2022.03.31"]
[Round "4.12"]
[White "De Paz Nistal, Santiago"]
[Black "Marin Lopez, Juan Jose"]
[Result "1-0"]
[WhiteElo "1873"]
[BlackElo "1707"]
[PlyCount "87"]
[EventDate "2022.03.28"]
[EventType "swiss"]
[EventRounds "9"]
[EventCountry "ESP"]
[SourceTitle "Ajedrez en Madrid"]
[Source "lmi"]
[SourceDate "2022.03.28"]
[SourceVersion "1"]
[SourceVersionDate "2022.04.18"]
[SourceQuality "1"]

1. e4 e5 2. Nf3 f5 3. Nxe5 Qf6 4. d4 d6 5. Nc4 fxe4 6. Ne3 Nc6 7. c3 Nge7 8.
Qb3 Nf5 9. Nd5 Qd8 10. Qc2 Nce7 11. Qxe4 c6 12. Nxe7 Bxe7 13. Bd3 O-O 14. O-O
d5 15. Qe2 Bd6 16. Be3 Qh4 17. h3 Bd7 18. Nd2 Rae8 19. Nf3 Qf6 20. Qd2 Nh4 21.
Ne5 Bxe5 22. dxe5 Qxe5 23. Bc5 Rf7 24. Rae1 Qb8 25. Rxe8+ Qxe8 26. Qg5 Nf5 27.
Bxa7 Qe7 28. Qd2 Nh4 29. Re1 Qf6 30. Bd4 Qf4 31. Qxf4 Rxf4 32. Re7 Rf7 33.
Bxh7+ Kf8 34. Rxf7+ Kxf7 35. Bd3 Nf5 36. g4 Nd6 37. f3 g6 38. Kf2 Be8 39. Kg3
Ke6 40. Bc5 Nc8 41. f4 Kf7 42. f5 gxf5 43. Bxf5 Ne7 44. Bxe7 1-0

[Event "Madrid ch Veteranos 2122"]
[Site "Madrid ESP"]
[Date "2022.03.31"]
[Round "4.14"]
[White "Toledo Aguirre, Gonzalo"]
[Black "Vinas Lopez, Carlos"]
[Result "1/2-1/2"]
[WhiteElo "1879"]
[BlackElo "1860"]
[PlyCount "40"]
[EventDate "2022.03.28"]
[EventType "swiss"]
[EventRounds "9"]
[EventCountry "ESP"]
[SourceTitle "Ajedrez en Madrid"]
[Source "lmi"]
[SourceDate "2022.03.28"]
[SourceVersion "1"]
[SourceVersionDate "2022.04.18"]
[SourceQuality "1"]

1. d4 Nf6 2. c4 e6 3. Nc3 Bb4 4. e3 O-O 5. Nge2 Re8 6. a3 Bf8 7. Nf4 d5 8. cxd5
exd5 9. Bd3 c6 10. O-O a5 11. Bd2 Nbd7 12. Qc2 g6 13. f3 Qb6 14. Kh1 Bg7 15. b4
axb4 16. axb4 Rxa1 17. Rxa1 Bh6 18. Nce2 Nf8 19. Qc5 Qc7 20. b5 N8d7 1/2-1/2

[Event "Madrid ch Veteranos 2122"]
[Site "Madrid ESP"]
[Date "2022.03.31"]
[Round "4.15"]
[White "De Luna Butz, Alberto"]
[Black "Esteban Amo, Jose M."]
[Result "1-0"]
[WhiteElo "1638"]
[BlackElo "1874"]
[PlyCount "101"]
[EventDate "2022.03.28"]
[EventType "swiss"]
[EventRounds "9"]
[EventCountry "ESP"]
[SourceTitle "Ajedrez en Madrid"]
[Source "lmi"]
[SourceDate "2022.03.28"]
[SourceVersion "1"]
[SourceVersionDate "2022.04.18"]
[SourceQuality "1"]

1. d4 f5 2. Bg5 h6 3. Bh4 g5 4. e4 Nf6 5. e5 e6 6. exf6 Qxf6 7. Qh5+ Qf7 8.
Qxf7+ Kxf7 9. Nf3 gxh4 10. Nxh4 c5 11. d5 Bg7 12. dxe6+ dxe6 13. c3 Nc6 14. Nd2
Bf6 15. Nhf3 Bd7 16. Bc4 Ne5 17. Nxe5+ Bxe5 18. Nf3 Bf6 19. O-O-O Rad8 20. Rhe1
Rhe8 21. Ne5+ Bxe5 22. Rxe5 b5 23. Be2 Bc8 24. Rxd8 Rxd8 25. Bxb5 Rd5 26. Rxd5
exd5 27. Kd2 Ke6 28. Ke3 Ke5 29. f4+ Kd6 30. Be8 Ke7 31. Bh5 Kd6 32. b4 d4+ 33.
Kd2 dxc3+ 34. Kxc3 Be6 35. bxc5+ Kxc5 36. a3 Bd7 37. h3 Bc6 38. g4 fxg4 39.
hxg4 Kd6 40. Kd4 Bd7 41. f5 Bc6 42. f6 Ke6 43. f7 Ke7 44. Kc5 Bd7 45. Kb4 Kf8
46. a4 Kg7 47. a5 Bc8 48. Kc5 Bb7 49. Kd6 Kf8 50. Kc7 Bd5 51. a6 1-0

[Event "Madrid ch Veteranos 2122"]
[Site "Madrid ESP"]
[Date "2022.03.31"]
[Round "4.16"]
[White "Garcia Galeote, Lorenzo"]
[Black "Lobato Palomo, Manuel"]
[Result "1-0"]
[WhiteElo "1862"]
[BlackElo "1716"]
[PlyCount "49"]
[EventDate "2022.03.28"]
[EventType "swiss"]
[EventRounds "9"]
[EventCountry "ESP"]
[SourceTitle "Ajedrez en Madrid"]
[Source "lmi"]
[SourceDate "2022.03.28"]
[SourceVersion "1"]
[SourceVersionDate "2022.04.18"]
[SourceQuality "1"]

1. d4 d5 2. Nf3 Nf6 3. e3 Bg4 4. h3 Bh5 5. g4 Bg6 6. Ne5 Nbd7 7. h4 h5 8. Nxg6
fxg6 9. Bd3 Ne4 10. f3 c5 11. fxe4 c4 12. Be2 Nf6 13. e5 Ne4 14. Nc3 Nxc3 15.
bxc3 e6 16. g5 Qa5 17. Bd2 Ba3 18. Rb1 b5 19. O-O Be7 20. Bf3 Kd7 21. e4 Kc6
22. exd5+ exd5 23. Bxd5+ Kxd5 24. Qf3+ Ke6 25. Qc6+ 1-0

[Event "Madrid ch Veteranos 2122"]
[Site "Madrid ESP"]
[Date "2022.03.31"]
[Round "4.17"]
[White "Hernandez Gutierrez, Jose"]
[Black "Fiz Criado, Fidel"]
[Result "0-1"]
[WhiteElo "1732"]
[BlackElo "1861"]
[PlyCount "94"]
[EventDate "2022.03.28"]
[EventType "swiss"]
[EventRounds "9"]
[EventCountry "ESP"]
[SourceTitle "Ajedrez en Madrid"]
[Source "lmi"]
[SourceDate "2022.03.28"]
[SourceVersion "1"]
[SourceVersionDate "2022.04.18"]
[SourceQuality "1"]

1. d4 Nf6 2. c4 c5 3. d5 b5 4. cxb5 a6 5. b6 Qxb6 6. Nc3 d6 7. Nf3 g6 8. g3 Bg7
9. Bg2 O-O 10. O-O Nbd7 11. h3 Ne8 12. Qc2 Nc7 13. Rb1 Nb5 14. Rd1 Ne5 15. Nxe5
Bxe5 16. Na4 Qc7 17. b3 Nd4 18. Qd2 Bf5 19. e4 Bxh3 20. Qd3 Bg4 21. Re1 Bd7 22.
Nc3 Rfb8 23. Bb2 a5 24. Ne2 Bb5 25. Qd1 Nxe2+ 26. Rxe2 Bxe2 27. Qxe2 Bxb2 28.
Rxb2 a4 29. Bf1 axb3 30. axb3 Rb4 31. Qc2 Qd7 32. Bc4 Qh3 33. Ra2 Rxa2 34. Qxa2
Qg4 35. Qc2 h5 36. Qd3 h4 37. Kg2 hxg3 38. fxg3 Kg7 39. Qf3 Qxf3+ 40. Kxf3 Kf6
41. Ke3 Ke5 42. Kd3 Rb8 43. Ke3 Rh8 44. Bb5 f5 45. Bc4 Rh1 46. Bd3 Re1+ 47. Kf3
Kd4 0-1

[Event "Madrid ch Veteranos 2122"]
[Site "Madrid ESP"]
[Date "2022.03.31"]
[Round "4.18"]
[White "Camarero Izquierdo, Juan Carlos"]
[Black "Hurtado Garrido, Reyes"]
[Result "0-1"]
[WhiteElo "1861"]
[BlackElo "1622"]
[PlyCount "94"]
[EventDate "2022.03.28"]
[EventType "swiss"]
[EventRounds "9"]
[EventCountry "ESP"]
[SourceTitle "Ajedrez en Madrid"]
[Source "lmi"]
[SourceDate "2022.03.28"]
[SourceVersion "1"]
[SourceVersionDate "2022.04.18"]
[SourceQuality "1"]

1. d4 Nf6 2. Nc3 d5 3. Bg5 Nbd7 4. f3 c6 5. Qd3 e5 6. dxe5 Nxe5 7. Qd4 Ned7 8.
O-O-O Bc5 9. Qh4 Qb6 10. Na4 Be3+ 11. Kb1 Bxg5 12. Qxg5 Qb4 13. Nc3 O-O 14. a3
Qe7 15. e4 Re8 16. Re1 b5 17. Nd1 b4 18. e5 Qf8 19. axb4 h6 20. Qg3 Nh7 21. b5
cxb5 22. Bxb5 Qb4 23. Bxd7 Bxd7 24. Ne2 Rab8 25. Nf4 Bf5 26. Re2 Qc4 27. Rhe1
Rec8 28. Ne3 Qc3 29. Nd3 Bxd3 30. cxd3 Qxd3+ 31. Nc2 Qc3 32. Na1 d4 33. Rc2 Qd3
34. f4 Qf5 35. Qf3 Rxc2 36. Nxc2 d3 37. Re4 dxc2+ 38. Kc1 Rd8 39. g4 Qc8 40.
Re1 Qc4 41. Qe3 Qa2 42. Qc3 Qa4 43. b3 Qa2 44. Qxc2 Qa1+ 45. Qb1 Qc3+ 46. Qc2
Qxe1+ 47. Kb2 Rd2 0-1

[Event "Madrid ch Veteranos 2122"]
[Site "Madrid ESP"]
[Date "2022.03.31"]
[Round "4.19"]
[White "Yeves Miquel, Enrique"]
[Black "Martinez Miura, Enrique"]
[Result "1-0"]
[WhiteElo "1832"]
[BlackElo "1601"]
[PlyCount "78"]
[EventDate "2022.03.28"]
[EventType "swiss"]
[EventRounds "9"]
[EventCountry "ESP"]
[SourceTitle "Ajedrez en Madrid"]
[Source "lmi"]
[SourceDate "2022.03.28"]
[SourceVersion "1"]
[SourceVersionDate "2022.04.18"]
[SourceQuality "1"]

1. d4 d5 2. Nf3 Nf6 3. c4 e6 4. g3 Be7 5. Bg2 O-O 6. O-O c6 7. Nbd2 Nbd7 8. Qc2
Re8 9. e4 dxe4 10. Nxe4 Nxe4 11. Qxe4 Nf6 12. Qc2 Bd7 13. Rd1 h6 14. a3 a5 15.
Bf4 Nh5 16. Be3 Nf6 17. h3 Bd6 18. Ne5 Qc7 19. Qc3 Red8 20. b4 b6 21. b5 Bxe5
22. dxe5 Nh7 23. Rxd7 Rxd7 24. Bxc6 Rad8 25. Bxd7 Rxd7 26. h4 Nf8 27. Rc1 Qd8
28. c5 Rd3 29. Qa1 bxc5 30. Bxc5 Ng6 31. b6 Rb3 32. Rb1 a4 33. Rd1 Qb8 34. Qd4
Qxe5 35. Qxe5 Nxe5 36. Rd8+ Kh7 37. Bb4 Rxb4 38. axb4 a3 39. Ra8 Nc6 1-0

[Event "Madrid ch Veteranos 2122"]
[Site "Madrid ESP"]
[Date "2022.03.31"]
[Round "4.20"]
[White "Pareja Vicente, Antonio"]
[Black "Martin Sanchez, Pablo"]
[Result "1-0"]
[WhiteElo "1604"]
[BlackElo "1766"]
[PlyCount "69"]
[EventDate "2022.03.28"]
[EventType "swiss"]
[EventRounds "9"]
[EventCountry "ESP"]
[SourceTitle "Ajedrez en Madrid"]
[Source "lmi"]
[SourceDate "2022.03.28"]
[SourceVersion "1"]
[SourceVersionDate "2022.04.18"]
[SourceQuality "1"]

1. e4 c5 2. c3 Nc6 3. Nf3 g6 4. Bd3 Bg7 5. Bc2 e6 6. O-O Nge7 7. d3 d5 8. Bg5
Qc7 9. Nbd2 O-O 10. Nb3 b6 11. Qc1 Bb7 12. Bh6 Ne5 13. Nxe5 Qxe5 14. Bf4 Qh5
15. Bd1 Qh4 16. Bg5 Bh6 17. Bxh4 Bxc1 18. Bxe7 Bxb2 19. Rb1 Rfe8 20. Rxb2 Rxe7
21. exd5 exd5 22. Re2 Rae8 23. Rfe1 Kf8 24. Rxe7 Rxe7 25. Rxe7 Kxe7 26. Bf3 Kd6
27. Nd2 Bc8 28. d4 Bd7 29. Nb3 Bf5 30. Kf1 Bb1 31. a3 Bf5 32. Ke2 Be6 33. h3 c4
34. Nd2 Kc6 35. Nxc4 1-0

[Event "Madrid ch Veteranos 2122"]
[Site "Madrid ESP"]
[Date "2022.03.31"]
[Round "4.21"]
[White "Caravantes Camacho, Fernando"]
[Black "Mendez Martinez, Miguel Angel"]
[Result "1-0"]
[WhiteElo "1554"]
[BlackElo "1763"]
[PlyCount "65"]
[EventDate "2022.03.28"]
[EventType "swiss"]
[EventRounds "9"]
[EventCountry "ESP"]
[SourceTitle "Ajedrez en Madrid"]
[Source "lmi"]
[SourceDate "2022.03.28"]
[SourceVersion "1"]
[SourceVersionDate "2022.04.18"]
[SourceQuality "1"]

1. d4 Nf6 2. Nc3 d5 3. Bg5 Nbd7 4. f3 c6 5. e4 dxe4 6. fxe4 Qa5 7. Bd2 e5 8.
Nd5 Qd8 9. Nxf6+ Qxf6 10. Nf3 exd4 11. Bg5 Qe6 12. Qxd4 Bc5 13. Qxg7 Qxe4+ 14.
Be2 Rf8 15. O-O-O Be3+ 16. Bxe3 Qxe3+ 17. Kb1 Qf4 18. Rhe1 Qb4 19. Bc4+ Kd8 20.
Bxf7 Kc7 21. Be6 Rd8 22. Ne5 a5 23. c3 Qh4 24. g3 Qxh2 25. Bxd7 Bxd7 26. Rxd7+
Rxd7 27. Qxd7+ Kb6 28. Nc4+ Ka6 29. Nd6 Rb8 30. Ne4 h5 31. c4 b6 32. Qxc6 h4
33. Nc5+ 1-0

[Event "Madrid ch Veteranos 2122"]
[Site "Madrid ESP"]
[Date "2022.03.31"]
[Round "4.22"]
[White "Jimenez Gonzalez, Marcos"]
[Black "Menendez Domens, Juan Manuel"]
[Result "1-0"]
[WhiteElo "1761"]
[BlackElo "1449"]
[PlyCount "31"]
[EventDate "2022.03.28"]
[EventType "swiss"]
[EventRounds "9"]
[EventCountry "ESP"]
[SourceTitle "Ajedrez en Madrid"]
[Source "lmi"]
[SourceDate "2022.03.28"]
[SourceVersion "1"]
[SourceVersionDate "2022.04.18"]
[SourceQuality "1"]

1. d4 f5 2. Nf3 e6 3. g3 b6 4. Bg2 Bb7 5. O-O Nf6 6. c4 Be7 7. Nc3 O-O 8. Qc2
d5 9. cxd5 Nxd5 10. Nxd5 Qxd5 11. Nh4 Qd7 12. Bxb7 Nc6 13. Bxc6 Qxd4 14. a3 Qd6
15. Rd1 Qxc6 16. Qxc6 1-0

[Event "Madrid ch Veteranos 2122"]
[Site "Madrid ESP"]
[Date "2022.03.31"]
[Round "4.23"]
[White "Lopez Heras, Arturo"]
[Black "Lopez Manso, Jeronimo"]
[Result "1-0"]
[WhiteElo "1757"]
[BlackElo "1410"]
[PlyCount "57"]
[EventDate "2022.03.28"]
[EventType "swiss"]
[EventRounds "9"]
[EventCountry "ESP"]
[SourceTitle "Ajedrez en Madrid"]
[Source "lmi"]
[SourceDate "2022.03.28"]
[SourceVersion "1"]
[SourceVersionDate "2022.04.18"]
[SourceQuality "1"]

1. e4 Nf6 2. Nc3 d5 3. exd5 Nxd5 4. Bc4 e6 5. Nf3 Nc6 6. O-O a6 7. a4 Nb6 8.
Ba2 Bc5 9. Ne4 Qe7 10. Nxc5 Qxc5 11. d4 Qf5 12. c3 h6 13. Re1 Qg4 14. d5 Ne7
15. dxe6 Bxe6 16. Bxe6 fxe6 17. Qb3 Ned5 18. Nd4 O-O 19. a5 Nd7 20. Nxe6 Rf5
21. Nd4 Nc5 22. Qc2 Nf4 23. Bxf4 Rxf4 24. b4 Nd7 25. Rad1 Raf8 26. f3 Qh5 27.
Ne6 Rxf3 28. Nxf8 Rxf8 29. Rxd7 1-0

[Event "Madrid ch Veteranos 2122"]
[Site "Madrid ESP"]
[Date "2022.03.31"]
[Round "4.24"]
[White "Argelina Diaz, Juan Angel"]
[Black "Cano Mercado, Francisco Manuel"]
[Result "0-1"]
[WhiteElo "1455"]
[BlackElo "1715"]
[PlyCount "34"]
[EventDate "2022.03.28"]
[EventType "swiss"]
[EventRounds "9"]
[EventCountry "ESP"]
[SourceTitle "Ajedrez en Madrid"]
[Source "lmi"]
[SourceDate "2022.03.28"]
[SourceVersion "1"]
[SourceVersionDate "2022.04.18"]
[SourceQuality "1"]

1. e4 c5 2. Nf3 Nc6 3. d4 cxd4 4. Nxd4 e5 5. Nb3 Nf6 6. Bd3 d5 7. Bg5 dxe4 8.
Bxf6 Qxf6 9. Bxe4 Bf5 10. Bxc6+ Qxc6 11. Qe2 Qxg2 12. Qxe5+ Be7 13. Rf1 Bxc2
14. N1d2 O-O 15. Qg3 Qd5 16. Rg1 Bf6 17. Rc1 Rfe8+ 0-1

[Event "Madrid ch Veteranos 2122"]
[Site "Madrid ESP"]
[Date "2022.03.31"]
[Round "4.25"]
[White "Jimenez Ascarza, Jose Ignacio"]
[Black "Perez Pascual, Arturo"]
[Result "1-0"]
[WhiteElo "1445"]
[BlackElo "1704"]
[PlyCount "103"]
[EventDate "2022.03.28"]
[EventType "swiss"]
[EventRounds "9"]
[EventCountry "ESP"]
[SourceTitle "Ajedrez en Madrid"]
[Source "lmi"]
[SourceDate "2022.03.28"]
[SourceVersion "1"]
[SourceVersionDate "2022.04.18"]
[SourceQuality "1"]

1. e4 e5 2. Nf3 Nf6 3. Nxe5 Qe7 4. Nf3 Qxe4+ 5. Be2 Be7 6. O-O O-O 7. d4 d5 8.
Re1 Bg4 9. h3 Bh5 10. Ng5 Qh4 11. Bxh5 Nxh5 12. Rxe7 h6 13. Rxc7 hxg5 14. Qg4
Qxg4 15. hxg4 Nf4 16. Bxf4 gxf4 17. Nc3 Na6 18. Rxb7 Rfb8 19. Rxb8+ Rxb8 20. b3
Nc7 21. Re1 Kf8 22. f3 f6 23. Na4 Nb5 24. Nc5 Kf7 25. Rd1 Nc3 26. Rd3 Nxa2 27.
c3 Nc1 28. Rd1 Ne2+ 29. Kf2 Nxc3 30. Ra1 Nb5 31. Rd1 g5 32. Rd2 Re8 33. b4 Re3
34. Ra2 Kg6 35. Ra5 Nxd4 36. Rxa7 Re2+ 37. Kf1 Rb2 38. Nd7 Ne6 39. Rb7 d4 40.
b5 d3 41. Ke1 f5 42. Ne5+ Kf6 43. Nxd3 Rxg2 44. gxf5 Kxf5 45. Rf7+ Kg6 46. Ne5+
Kh6 47. Rf6+ Kg7 48. Rxe6 Rb2 49. b6 Kf8 50. Rc6 Ke7 51. Rc7+ Ke6 52. Nc4 1-0

[Event "Madrid ch Veteranos 2122"]
[Site "Madrid ESP"]
[Date "2022.03.31"]
[Round "4.26"]
[White "Alberdi Garcia, Carlos Alfonso"]
[Black "Lopez Del Moral Lopez de, Rafael"]
[Result "1-0"]
[WhiteElo "1681"]
[BlackElo "1432"]
[PlyCount "83"]
[EventDate "2022.03.28"]
[EventType "swiss"]
[EventRounds "9"]
[EventCountry "ESP"]
[SourceTitle "Ajedrez en Madrid"]
[Source "lmi"]
[SourceDate "2022.03.28"]
[SourceVersion "1"]
[SourceVersionDate "2022.04.18"]
[SourceQuality "1"]

1. d4 d5 2. Nf3 Nf6 3. e3 Bf5 4. Bd3 e6 5. O-O Bd6 6. c3 O-O 7. Qe2 Nbd7 8.
Nbd2 Ne4 9. Re1 Re8 10. c4 c6 11. Nf1 Rc8 12. Ng3 Bg6 13. Qc2 Ndf6 14. Ne5 Qc7
15. Nxg6 Bxg3 16. hxg3 fxg6 17. b3 Rf8 18. Ba3 Rf7 19. Qe2 Nxf2 20. Qxf2 Ne4
21. Qe2 Qxg3 22. Bxe4 dxe4 23. Rf1 Rcf8 24. Rxf7 Rxf7 25. Rf1 Rf5 26. Rxf5 gxf5
27. Bb4 h5 28. Be1 Qg6 29. Bh4 Kh7 30. Qf2 Qg4 31. Qf4 Qxf4 32. exf4 Kg8 33.
Kf2 Kf7 34. Ke3 Ke8 35. d5 Kd7 36. Kd4 Kd6 37. c5+ Kd7 38. d6 b5 39. b4 a6 40.
Bf2 Ke8 41. Ke5 Kd7 42. Bh4 1-0

[Event "Madrid ch Veteranos 2122"]
[Site "Madrid ESP"]
[Date "2022.03.31"]
[Round "4.27"]
[White "Villodre Miranda, Juan Alonso"]
[Black "Ramos Antona, Enrique"]
[Result "1-0"]
[WhiteElo "1563"]
[BlackElo "1512"]
[PlyCount "81"]
[EventDate "2022.03.28"]
[EventType "swiss"]
[EventRounds "9"]
[EventCountry "ESP"]
[SourceTitle "Ajedrez en Madrid"]
[Source "lmi"]
[SourceDate "2022.03.28"]
[SourceVersion "1"]
[SourceVersionDate "2022.04.18"]
[SourceQuality "1"]

1. c4 Nf6 2. Nc3 e6 3. g3 g6 4. Bg2 Bg7 5. e4 d6 6. Nge2 O-O 7. O-O c6 8. h3 a5
9. Kh2 Na6 10. d3 Re8 11. f4 Rb8 12. a4 Nb4 13. Na2 Qc7 14. Nxb4 axb4 15. Bd2
c5 16. Rb1 b6 17. g4 Bb7 18. Ng3 Kh8 19. g5 Ng8 20. f5 exf5 21. exf5 Bxg2 22.
Kxg2 Qb7+ 23. Qf3 f6 24. h4 fxg5 25. hxg5 Be5 26. Qxb7 Rxb7 27. fxg6 Bxg3 28.
Kxg3 hxg6 29. Rbe1 Rbe7 30. Rh1+ Kg7 31. Rxe7+ Rxe7 32. Kf3 Rf7+ 33. Ke3 Ne7
34. Rg1 Nf5+ 35. Ke4 Re7+ 36. Kd5 Ra7 37. b3 Nd4 38. Rb1 Rd7 39. Bxb4 cxb4 40.
Kxd4 Rf7 41. Kd5 1-0

[Event "Madrid ch Veteranos 2122"]
[Site "Madrid ESP"]
[Date "2022.04.01"]
[Round "5.1"]
[White "Candela Perez, Jose"]
[Black "Longa Yauca, Javier"]
[Result "1/2-1/2"]
[WhiteElo "2339"]
[BlackElo "2239"]
[PlyCount "148"]
[EventDate "2022.03.28"]
[EventType "swiss"]
[EventRounds "9"]
[EventCountry "ESP"]
[SourceTitle "Ajedrez en Madrid"]
[Source "lmi"]
[SourceDate "2022.03.28"]
[SourceVersion "1"]
[SourceVersionDate "2022.04.18"]
[SourceQuality "1"]

1. d4 Nf6 2. Nf3 e6 3. c4 b6 4. a3 Bb7 5. Nc3 d5 6. cxd5 Nxd5 7. Qc2 Nd7 8. e4
Nxc3 9. bxc3 Be7 10. Bd3 c5 11. O-O Qc7 12. Qb1 h6 13. a4 O-O 14. Be3 Nf6 15.
h3 Rfc8 16. Ne5 cxd4 17. cxd4 Qc3 18. a5 Rab8 19. axb6 axb6 20. Ra7 Qb4 21. f3
Qxb1 22. Rxb1 Bd8 23. g4 Bc7 24. Bb5 Bd6 25. Nc4 Bc7 26. h4 Bg3 27. Kg2 Bc7 28.
g5 hxg5 29. hxg5 Nh5 30. Kf2 g6 31. Ke2 Rd8 32. Ne5 Bxe5 33. dxe5 Rbc8 34. Bd3
Bc6 35. Ba6 Ra8 36. Bxb6 Rxa7 37. Bxa7 Ra8 38. Rb8+ Rxb8 39. Bxb8 Nf4+ 40. Ke3
Ng2+ 41. Kf2 Nf4 42. Kg3 Nh5+ 43. Kg4 Ba4 44. Be2 Bc2 45. Ba7 Bb1 46. Bg1 Bc2
47. Bh2 Ba4 48. Kh3 Kf8 49. Kg2 Ke8 50. Kf2 Kd7 51. Ke3 Kc6 52. Kd4 Bb5 53. Bd1
Ng7 54. Bg1 Ne8 55. f4 Ng7 56. Be3 Nh5 57. Kc3 Ng7 58. Bc2 Kd7 59. Kb4 Bc6 60.
Kc5 Nh5 61. Bd3 Ng3 62. Kd4 Nh5 63. Bd2 Ng3 64. Ke3 Ke8 65. Kf3 Nh5 66. Bb4 Ng7
67. Kg4 Ba4 68. Kf3 Bc6 69. Bc5 Nh5 70. Bg1 Kd7 71. Ke3 Ng7 72. Kd4 Nh5 73. Bh2
Ng7 74. Kc5 Ba4 1/2-1/2